| 000 | 00494nam a2200133Ia 4500 | ||
|---|---|---|---|
| 008 | 191014s9999 xx 000 0 und d | ||
| 020 | _a981-02-4181-X | ||
| 082 |
_a539.7 _bBED |
||
| 100 |
_aPaulo F. Bedaque, Martin J. Savage, Ryoichi Seki and Ubirajara Van Kolck _920568 |
||
| 245 | 0 | _aProceedings from the Institute for Nuclear Theory An INT Workshop Nuclear Physics with Effective Field Theory II | |
| 260 |
_aSingapore _bWorld Scientific Company _c2000 |
||
| 300 | _aXii,368 | ||
| 942 | _cBK | ||
| 999 |
_c531161 _d531161 |
||